000 00649nam a2200181Ia 4500
003 GCL
008 140319s9999 xx 000 0 ara d
040 _aGCL /
_cGCL
082 0 4 _a250
_bب ا
100 1 _aبهاءالدين عبدالرحمن ابراهيم
245 1 0 _aالعدة شرح العمدة فى فقة امام السنه احمد بن حنبل الشيبانى رضى الله عنه /
_cبهاءالدين عبدالرحمن ابراهيم
260 _a[S.N] :
_bدار الفكر
300 _a672 ص
490 _a
650 0 4 _aالشريعة الاسلامية
650 0 4 _aالفقه الاسلامى
942 _2ddc
_cBK
999 _c53434
_d53434